000 00294nam a22001337a 4500
008 170731b xxu||||| |||| 00| 0 eng d
020 _a752063324516
041 _aeng
080 _24TH
_a004
100 _a32
101 _aSHK
245 _aTEACH YOURSELF SQL
_cSTEPHENS,R.K
942 _2udc
_cBK
999 _c22291
_d22291